00300nam a2200121Ia 45000030006000000080041000060400015000471000016000622450062000782600009001405460012001490050017001610STCL150530s9999 xx 000 0 und d aSTCLcSTCL aSethi, J.D. aProblems of monetary policy in an under developed country c1961 aEnglish20220125165650.0